| 000 | 00671cam a22002171 4500 | ||
|---|---|---|---|
| 001 | BD-DhSAU 6989 | ||
| 003 | BD-DhSAU | ||
| 005 | 20150516144734.0 | ||
| 008 | 760811s1956 maua b 001 0 eng | ||
| 040 | _aBD-DhSAU | ||
| 082 |
_a589.2 _222 _bHOP |
||
| 100 | 1 |
_aHorsfall, James Gordon _d1905- |
|
| 245 | 0 | 0 |
_aPrinciples of fungicidal action / _cJames Gordon Horsfall |
| 260 |
_aWaltham, Mass. : _bChronica Botanica Co. , _cc1956. |
||
| 300 |
_axix, 279 p. : _bill. ; _c24 cm. |
||
| 440 | 2 |
_aA New series of plant science books _vv. 30 |
|
| 504 | _aIncludes bibliographical references & index. | ||
| 590 | _aJerin | ||
| 650 | 0 | _aFungicides. | |
| 650 | 0 | _aPlant Pathology | |
| 942 |
_2ddc _cBOOK |
||
| 999 |
_c6989 _d6989 |
||